Inter players (2010-2020) - Statistics

General Stats
  • This quiz has been taken 16 times
  • The average score is 80 of 140
Answer Stats
Rank Player Positions Nationality Matches Goals (assists) Period % Correct
58 Goran Pandev CF 27 2 (4) 2010-2011
100%
7 Ivan Perišić LW 141 37 (29) 2015-2019
100%
12 Javier Zanetti RB 114 0 (6) 2010-2014
100%
28 Lautaro Martínez ST 62 20 (7) 2018-2020
100%
5 Marcelo Brozović DM 165 18 (22) 2014-2020
100%
20 Mateo Kovacic CM 80 5 (10) 2012-2015
100%
2 Mauro Icardi ST 188 111 (27) 2013-2019
100%
15 Milan Škriniar CB 105 4 (4) 2017-2020
100%
1 Samir Handanovič GK 292 0 (0) 2012-2020
100%
24 Walter Samuel CB 67 5 (2) 2010-2014
100%
19 Borja Valero CM 82 4 (0) 2017-2020
93%
37 Cristian Chivu CB 48 2 (1) 2010-2013
93%
3 Danilo D'Ambrosio CB 172 13 (16) 2013-2020
93%
38 Dejan Stanković CM 48 5 (8) 2010-2013
93%
16 Diego Milito ST 93 40 (13) 2010-2014
93%
9 Esteban Cambiasso DM 132 18 (9) 2010-2014
93%
11 Fredy Guarín CM 114 15 (25) 2011-2016
93%
33 Geoffrey Kondogbia DM 50 2 (3) 2015-2017
93%
59 Iván Córdoba CB 27 0 (0) 2010-2012
93%
31 Júlio César GK 58 0 (0) 2010-2012
93%
32 Maicon RB 52 3 (13) 2010-2012
93%
70 Nemanja Vidic‎ CB 23 1 (0) 2014-2015
93%
44 Romelu Lukaku ST 36 23 (2) 2019-2020
93%
29 Stefan de Vrij CB 62 6 (3) 2018-2020
93%
50 Stevan Jovetić CF 31 6 (3) 2015-2017
93%
4 Yuto Nagatomo LB 170 9 (14) 2010-2018
93%
6 Andrea Ranocchia CB 156 9 (3) 2010-2020
86%
77 Ashley Young RB 18 4 (4) 2019-2020
86%
69 Diego Godín CB 23 1 (1) 2019-2020
86%
62 João Cancelo RB 26 1 (4) 2017-2018
86%
25 Lúcio CB 65 2 (4) 2010-2012
86%
21 Matías Vecino CM 79 8 (5) 2017-2020
86%
60 Nicolò Barella CM 27 1 (5) 2019-2020
86%
51 Radja Nainggolan CM 29 6 (3) 2018-2019
86%
8 Rodrigo Palacio ST 140 39 (27) 2012-2017
86%
46 Samuel Eto'o ST 35 21 (9) 2010-2011
86%
36 Wesley Sneijder AM 50 9 (12) 2010-2013
86%
64 Alessandro Bastoni CB 25 2 (0) 2019-2020
79%
71 Alexis Sánchez ST 22 4 (9) 2019-2020
79%
76 Andrea Poli CM 18 0 (1) 2011-2012
79%
10 Antonio Candreva AM, RW 124 12 (27) 2016-2020
79%
111 Federico Dimarco LB 4 0 (0) 2014-2015, 2019-2020
79%
17 Gary Medel CB 91 1 (3) 2014-2017
79%
30 Jeison Murillo CB 61 2 (2) 2015-2017
79%
43 Kwadwo Asamoah LM 40 0 (2) 2018-2020
79%
39 Matteo Politano RW 47 5 (5) 2018-2020
79%
14 Miranda CB 109 1 (2) 2015-2019
79%
93 Victor Moses RW 12 0 (5) 2019-2020
79%
85 Xherdan Shaqiri AM 15 1 (2) 2014-2015
79%
79 Christian Eriksen CM 17 1 (2) 2019-2020
71%
78 Diego Forlán ST 18 2 (3) 2011-2012
71%
45 Jonathan Biabiany RW 35 1 (5) 2010-2011, 2015-2017
71%
56 Philippe Coutinho AM 28 3 (2) 2010-2013
71%
23 Ricardo Álvarez CM 73 11 (15) 2011-2014
71%
18 Roberto Gagliardini CM 91 11 (4) 2016-2020
71%
22 Éder ST 76 12 (5) 2015-2018
64%
26 João Mário LW 64 4 (11) 2016-2019
64%
80 Lukas Podolski ST 17 1 (3) 2014-2015
64%
97 Sime Vrsaljko RB 10 0 (2) 2018-2019
64%
92 Sulley Muntari CM 12 1 (1) 2010-2012
64%
57 Walter Gargano DM 28 0 (2) 2012-2013
64%
47 Álvaro Pereira LB 33 1 (4) 2012-2014
57%
54 Antonio Cassano CF 28 7 (9) 2012-2013
57%
55 Éver Banega CM 28 6 (7) 2016-2017
57%
98 Gabriel Barbosa ST 9 1 (0) 2016-2017
57%
34 Giampaolo Pazzini ST 50 16 (4) 2010-2012
57%
135 Ionuț Radu GK 1 0 (0) 2015-2016
57%
35 Joel Obi CM 50 1 (1) 2010-2013, 2014-2015
57%
40 Jonathan RB 45 3 (8) 2011-2015
57%
67 Keita Baldé LW 24 5 (2) 2018-2019
57%
136 Lisandro López CB 1 0 (0) 2017-2018
57%
108 Valentino Lazaro RM 6 0 (1) 2019-2020
57%
42 Zdravko Kuzmanovic CM 42 0 (3) 2012-2015
57%
89 Daniel Osvaldo ST 12 5 (3) 2014-2015
50%
27 Davide Santon LB 62 0 (3) 2010-2011, 2014-2018
50%
75 Dodô LB 20 0 (3) 2014-2015
50%
41 Hernanes AM 42 7 (8) 2013-2016
50%
49 Hugo Campagnaro CB 31 0 (2) 2013-2015
50%
13 Juan Jesus CB 110 1 (1) 2011-2016
50%
99 Juan Pablo Carrizo GK 9 0 (0) 2012-2017
50%
102 Marco Materazzi CB 8 0 (0) 2010-2011
50%
72 Mauro Zárate ST 22 2 (2) 2011-2012
50%
87 McDonald Mariga DM 13 0 (0) 2010-2011, 2012-2013
50%
115 Rey Manaj ST 4 0 (0) 2015-2016
50%
52 Rolando CB 29 4 (0) 2013-2014
50%
65 Saphir Taïder CM 25 1 (2) 2013-2014
50%
53 Thiago Motta DM 29 7 (4) 2010-2012
50%
63 Adem Ljajic AM 25 3 (3) 2015-2016
43%
73 Alex Telles LB 21 0 (1) 2015-2016
43%
119 Angelo Palombo DM 3 0 (0) 2011-2012
43%
94 Assane Demoya Gnoukouri CM 11 0 (0) 2014-2017
43%
95 Gaby Mudingayi DM 10 0 (0) 2012-2014
43%
84 Houssine Kharja CM 15 1 (5) 2010-2011
43%
101 Ishak Belfodil ST 8 0 (1) 2013-2014
43%
68 Luca Castellazzi GK 24 0 (0) 2010-2013
43%
107 Marko Livaja ST 6 0 (0) 2012-2013
43%
123 Martín Montoya RB 3 0 (0) 2015-2016
43%
81 Rafinha AM 17 2 (3) 2017-2018
43%
91 Stefano Sensi CM 12 3 (4) 2019-2020
43%
88 Tommaso Rocchi ST 13 3 (0) 2012-2013
43%
140 Trent Sainsbury CB 1 0 (0) 2016-2017
43%
74 Cristian Ansaldi LB 21 0 (1) 2016-2017
36%
61 Cristiano Biraghi LB 26 2 (6) 2019-2020
36%
66 Dalbert LB 24 0 (1) 2017-2019
36%
48 Felipe Melo DM 31 1 (1) 2015-2017
36%
113 George Pușcaș ST 4 0 (0) 2014-2015
36%
105 Luc Castaignos ST 6 1 (0) 2011-2012
36%
100 Matías Silvestre CB 9 0 (0) 2012-2013
36%
124 Rene Krhin DM 3 0 (0) 2014-2015
36%
96 Rubén Botta AM 10 0 (0) 2013-2014
36%
82 Yann Karamoh LW 17 1 (0) 2017-2019
36%
103 Yann M'Vila DM 8 0 (0) 2014-2015
36%
110 Cédric Soares RB 4 0 (2) 2018-2019
29%
120 Daniele Padelli GK 3 0 (0) 2019-2020
29%
86 Davide Faraoni RB 14 1 (0) 2011-2012
29%
90 Ezequiel Schelotto RM 12 1 (0) 2012-2013
29%
114 Ibrahima Mbaye RB 4 0 (0) 2014-2015
29%
83 Marco Andreolli CB 16 2 (0) 2013-2015, 2016-2017
29%
106 Marco Benassi CM 6 0 (0) 2012-2013
29%
125 Senna Miangue CB 3 0 (0) 2016-2017
29%
118 Andrea Pinamonti ST 3 0 (0) 2016-2018
21%
127 Denis Alibec ST 2 0 (0) 2010-2011
21%
122 Lucien Agoumé DM 3 0 (0) 2019-2020
21%
104 Sebastiano Esposito CF 7 1 (0) 2019-2020
21%
109 Federico Bonazzoli ST 5 0 (0) 2013-2015
14%
129 Gaston Camara RW 2 0 (0) 2014-2015
14%
137 Lorenzo Pirola CB 1 0 (0) 2019-2020
14%
131 Mancini LW 2 0 (0) 2010-2011
14%
116 Simone Pasa DM 4 0 (0) 2012-2013
14%
126 Wallace Oliveira RB 3 0 (0) 2013-2014
14%
117 Alfred Duncan CM 3 0 (0) 2012-2013
7%
133 Fabio Della Giovanna CB 1 0 (0) 2015-2016
7%
128 Felice Natalino CB 2 0 (0) 2010-2011
7%
112 Felipe CB 4 0 (0) 2014-2015
7%
130 Isaac Donkor CB 2 0 (0) 2014-2015
7%
134 Francesco Forte ST 1 0 (0) 2012-2013
0%
121 Luca Garritano AM 3 0 (0) 2012-2013
0%
138 Lukas Spendlhofer CB 1 0 (0) 2012-2013
0%
132 Nwankwo Obiora DM 2 0 (1) 2010-2011
0%
139 Samuele Longo ST 1 0 (0) 2011-2012
0%
No matching quizzes found
Score Distribution
Percent of People with Each Score
Percentile by Number Answered
Your Score History
You have not taken this quiz